Beatles song by first lines - Statistics

General Stats
  • This quiz has been taken 526 times
  • The average score is 11 of 15
Answer Stats
Hint Answer % Correct
I read the news today oh boy A Day In The Life
91%
Well, shake it up, baby, now Twist and Shout
90%
Picture yourself in a boat on a river Lucy In The Sky With Diamonds
89%
Jojo was a man who thought he was a loner Get Back
88%
I am he as you are he as you are me and we are all together I am The Walrus
84%
I'd like to be under the sea Octopus's Garden
84%
Oh yeah I tell you something I Want To Hold Your Hand
79%
Words are flowing out like endless rain into a paper cup Across The Universe
78%
Asked a girl what she wanted to be Drive My Car
78%
When I get to the bottom I go back to the top of the slide Helter Skelter
76%
Wednesday morning at five o'clock as the day begins She's Leaving Home
72%
I look at you all, see the love there that's sleeping While My Guitar Gently Weeps
67%
Your day breaks, your mind aches For No One
61%
Because you're sweet and lovely girl I love you For You Blue
39%
I don't like you, but I love you You've Really Got A Hold On Me
24%
No matching quizzes found
Score Distribution
Percent of People with Each Score
Percentile by Number Answered
Your Score History
You have not taken this quiz